| 000 | 00593nam a2200205 i 4500 | ||
|---|---|---|---|
| 001 | 35698 | ||
| 003 | ES-MaACL | ||
| 007 | t| | ||
| 008 | 030213s1953 sp ||||1| spa d | ||
| 100 | 1 |
_aBrocchi, Virgilio. _931827 |
|
| 245 | 1 | 0 |
_aA merced de las olas / _cVirgilio Brocchi ; [traducción del italiano por Jorge Montalt]. |
| 250 | _a[1ª ed.]. | ||
| 260 |
_aBarcelona : _bL.A.R.A., _c[1953] |
||
| 300 |
_a257 p. ; _c19 cm. |
||
| 490 | 1 | _aHorizonte | |
| 700 | 1 |
_aMontalt, Jorge. _982345 |
|
| 830 | 0 |
_aHorizonte _9180916 |
|
| 852 |
_aES-MaACL _jC-6026 _bR.35318 |
||
| 999 |
_c35698 _d35698 |
||